| 000 | 00521nam a2200193 a 4500 | ||
|---|---|---|---|
| 005 | 20140310183141.0 | ||
| 008 | 021017s19uu xx 00 eng d | ||
| 020 | _a9780751312140 | ||
| 050 |
_aHD 57.7 _b.Ea27 2001 |
||
| 100 | _aEaton, John | ||
| 245 |
_aCoaching successfully / _cJohn Eaton. |
||
| 260 |
_aGreat Britain : _bDorling Kindersley Limited, _c2001. |
||
| 300 |
_a72 p. : _c25 cm. |
||
| 521 | _aBSBA | ||
| 650 | _aLeadership | ||
| 650 | _aEmployee motivation | ||
| 942 |
_cBK _2lcc _kFOR |
||
| 999 |
_c19402 _d19402 |
||